MARC

LEADER 00000nam0a2200000 4500
001 154699
005 20231031152008.0
035 |a (RuTPU)RU\TPU\book\167797 
090 |a 154699 
100 |a 20090303d1983 m y0rusy50 ca 
101 0 |a rus 
102 |a BY 
105 |a a j 001zy 
200 1 |a Испытание строительных конструкций  |e учебное пособие для вузов  |f Ю. Д. Золотухин 
210 |a Минск  |d 1983 
215 |a 208 с.  |c ил. 
320 |a Библиогр. в конце гл. 
610 1 |a строительные конструкции 
610 1 |a испытания 
610 1 |a классификация 
610 1 |a теоретические основы 
610 1 |a нагрузки 
610 1 |a динамические нагрузки 
610 1 |a конструкции 
610 1 |a соединения 
610 1 |a качество 
610 1 |a техника безопасности 
675 |a 624.042(075.8)  |v 3 
700 1 |a Золотухин  |b Ю. Д.  |g Юрий Дмитриевич 
801 1 |a RU  |b 63413507  |c 20090303  |g PSBO 
801 2 |a RU  |b 63413507  |c 20100629  |g RCR 
942 |c BK